Controlling novodobý systém riadenia podniku
Salvato in:
| Autore principale: | |
|---|---|
| Ente Autore: | |
| Altri autori: | |
| Natura: | Libro |
| Lingua: | slovacco |
| Pubblicazione: |
Bratislava
Ekonóm
2003
|
| Soggetti: | |
| Tags: |
Nessun Tag, puoi essere il primo ad aggiungerne!!
|
MARC
| LEADER | 00000nam a2200000 4500 | ||
|---|---|---|---|
| 001 | c144134 | ||
| 005 | 20221108125151.5 | ||
| 020 | |a 80-225-1660-0 | ||
| 041 | 0 | |a slo | |
| 044 | |a SK | ||
| 245 | 1 | 0 | |a Controlling |b novodobý systém riadenia podniku |c Janusz Nesterak, Viktória Bobáková |
| 264 | 1 | |a Bratislava |b Ekonóm |c 2003 | |
| 300 | |a 126 s. | ||
| 610 | 2 | 0 | |a kontroling |
| 610 | 2 | 0 | |a riadenie podnikové |
| 610 | 2 | 0 | |a controller |
| 610 | 2 | 0 | |a podnik |
| 610 | 2 | 0 | |a rozpočet podnikový |
| 610 | 2 | 0 | |a rozpočtovníctvo |
| 610 | 2 | 0 | |a ceny transferové |
| 610 | 2 | 0 | |a kontrola |
| 610 | 2 | 0 | |a koordinácia |
| 610 | 2 | 0 | |a konkurencia |
| 610 | 2 | 0 | |a kontroling operatívny |
| 610 | 2 | 0 | |a kontroling strategický |
| 610 | 2 | 0 | |a kontroling podnikový |
| 100 | 1 | |a Nesterak, Janusz | |
| 700 | 1 | |a Bobáková, Viktória | |
| 710 | 2 | |a Ekonomická univerzita v Bratislave. Podnikovohospodárska fakulta so sídlom v Košiciach | |